<?xml version="1.0" encoding="UTF-8"?>
<marc:record xmlns:marc="http://www.loc.gov/MARC21/slim">
   <marc:leader>00000nam a2200000 a 4500</marc:leader>
   <marc:datafield ind1="1" ind2=" " tag="100">
      <marc:subfield code="a">Tuttle, Lisa</marc:subfield>
      <marc:subfield code="4">aut</marc:subfield>
      <marc:subfield code="e">Verfasser/-in</marc:subfield>
   </marc:datafield>
   <marc:datafield ind1="1" ind2=" " tag="100">
      <marc:subfield code="a">Langowski, Jürgen</marc:subfield>
      <marc:subfield code="4">trl</marc:subfield>
      <marc:subfield code="e">Übersetzer/-in</marc:subfield>
   </marc:datafield>
   <marc:datafield ind1="0" ind2="0" tag="245">
      <marc:subfield code="a">Das geheime Land</marc:subfield>
   </marc:datafield>
   <marc:datafield ind1="0" ind2="0" tag="245">
      <marc:subfield code="b">Roman</marc:subfield>
   </marc:datafield>
   <marc:datafield ind1="0" ind2="0" tag="245">
      <marc:subfield code="c">Lisa Tuttle</marc:subfield>
   </marc:datafield>
   <marc:datafield ind1=" " ind2="1" tag="264">
      <marc:subfield code="a">München</marc:subfield>
      <marc:subfield code="b">Piper Verl.</marc:subfield>
      <marc:subfield code="c">2006</marc:subfield>
   </marc:datafield>
   <marc:datafield ind1="1" ind2=" " tag="520">
      <marc:subfield code="a">Seit Jahrhunderten verschwinden Menschen von einem Tag auf den anderen, ohne je wieder aufzutauchen. Privatdetektiv Ian Kennedy hat sich auf diese unheimlichen Fälle spezialisiert. Auch sein Vater ist einst verschwunden. Dieses traumatische Erlebnis holt den Detektiv ein, als die junge Peri als vermißt gemeldet wird. Ian ermittelt, und bald macht er eine Entdeckung, die gefährlicher ist, als er ahnen kann: Neben unserer Welt existiert ein geheimes Land der keltischen Mythen und Legenden, das durch Tore mit der Gegenwart verbunden ist. Dort regiert ein unberechenbarer Gegner. Um Peri zu retten, muß Ian den Schritt in das magische Reich wagen ...</marc:subfield>
   </marc:datafield>
   <marc:datafield ind1=" " ind2=" " tag="020">
      <marc:subfield code="a">349270123X</marc:subfield>
      <marc:subfield code="9">349270123X</marc:subfield>
   </marc:datafield>
   <marc:datafield ind1=" " ind2=" " tag="500">
      <marc:subfield code="a">Aus dem Amerikan. übers.</marc:subfield>
   </marc:datafield>
   <marc:datafield ind1=" " ind2=" " tag="300">
      <marc:subfield code="a">394 S.</marc:subfield>
   </marc:datafield>
</marc:record>
